Statistiche per Comuni della provincia di Lecce

Clicka qui per fare il quiz!

Statistiche generali

  • Questo quiz è stato fatto 193 volte
  • Il punteggio medio è 47 su 97

Statistiche sulle risposte

Risposta% Corretto
Lecce
93%
Otranto
83%
Nardò
82%
Gallipoli
81%
Galatina
77%
Morciano di Leuca
73%
Galatone
70%
Maglie
70%
Casarano
63%
Ugento
62%
Copertino
61%
Trepuzzi
61%
Melendugno
60%
Porto Cesareo
60%
Tricase
60%
Castro
57%
Surbo
57%
Monteroni di Lecce
56%
Alliste
55%
Campi Salentina
55%
Martano
55%
Melpignano
54%
Veglie
54%
Aradeo
53%
Uggiano la Chiesa
53%
Lequile
52%
Squinzano
52%
Taviano
52%
Alezio
51%
Santa Cesarea Terme
51%
Alessano
50%
Andrano
50%
Cavallino
50%
Novoli
50%
Racale
50%
Parabita
49%
Salve
49%
Gagliano del Capo
48%
Matino
48%
Soleto
48%
Botrugno
47%
Leverano
47%
Poggiardo
47%
Ruffano
47%
Supersano
47%
Calimera
46%
Castrignano del Capo
46%
Lizzanello
46%
Presicce
46%
Salice Salentino
46%
Sannicola
46%
Acquarica del Capo
45%
Carmiano
45%
Castrignano de' Greci
45%
Corigliano d'Otranto
45%
Cutrofiano
45%
Specchia
45%
Tuglie
45%
Zollino
45%
Diso
44%
Miggiano
44%
Patù
44%
Scorrano
44%
Spongano
44%
Taurisano
44%
Collepasso
43%
Vernole
43%
Cursi
42%
Melissano
42%
Neviano
42%
San Cesario di Lecce
42%
Sogliano Cavour
42%
Arnesano
41%
Muro Leccese
40%
Minervino di Lecce
39%
Nociglia
39%
Ortelle
39%
Sternatia
39%
Bagnolo del Salento
38%
Corsano
38%
Guagnano
38%
Sanarica
37%
Seclì
37%
Cannole
36%
Martignano
36%
Montesano Salentino
36%
Surano
36%
Giuggianello
35%
Tiggiano
35%
Palmariggi
34%
San Donato di Lecce
34%
Carpignano Salentino
33%
Castri di Lecce
33%
Caprarica di Lecce
32%
Giurdignano
31%
San Pietro in Lama
31%
San Cassiano
29%

Distribuzione punteggi

Percentile per numero di risposta

Percentuale di utenti per punteggio

I tuoi punteggi nel tempo

Non hai fatto questo quiz